Trabajos prácticos de geografía humana
Guardat en:
| Autors principals: | , , , |
|---|---|
| Altres autors: | |
| Format: | Llibre |
| Idioma: | espanyol |
| Publicat: |
Madrid
Síntesis
1993
|
| Matèries: | |
| Etiquetes: |
Afegir etiqueta
Sense etiquetes, Sigues el primer a etiquetar aquest registre!
|
MARC
| LEADER | 00000nam a2200000 a 4500 | ||
|---|---|---|---|
| 001 | UCN9992 | ||
| 003 | CL-VaPUC | ||
| 008 | 020103e19930000SP |||||||||||||||||spa|d | ||
| 082 | 0 | 4 | |a 304.2 |b CAN |2 21 |
| 100 | 0 | |a Canto Fresno, Consuelo del |e author |9 466574 | |
| 700 | 0 | |a Carrera Sánchez, María del Carmen |e author |9 466575 | |
| 700 | |a Gutiérrez Puebla, Javier |e author |9 503195 | ||
| 700 | |a Méndez Gutiérrez del Valle, Ricardo |e autor |9 466577 | ||
| 700 | 0 | |a Pérez Sierra, María del Carmen |e author |9 466578 | |
| 245 | 1 | 0 | |a Trabajos prácticos de geografía humana |
| 300 | |a 440 p | ||
| 942 | |c BK | ||
| 945 | |d 20020103 00:00:00 |a cmena | ||
| 260 | |a Madrid |b Síntesis |c 1993 | ||
| 500 | |a ALGUNOS EJEMPLARES EN INST.DE GEOGRAFIA POR PROY.MINEDUC | ||
| 650 | 0 | |a Población |9 257577 | |
| 650 | 0 | |a Migraciones |9 377610 | |
| 650 | 0 | |a Economía |9 255568 | |
| 650 | 0 | |a Empleo |9 339124 | |
| 583 | |a last modification |c 20020103 00:00:00 |k Rodrigo Vera | ||
| 999 | |c 299071 |d 299069 | ||
| 952 | |0 0 |1 0 |4 0 |6 304_200000000000000_CAN_1993 |7 0 |8 A |9 355205 |a BIBING |b BIBING |d 2019-11-21 |i 3785971 |o 304.2 CAN 1993 |p 3785971 |r 2025-01-20 |w 2019-11-21 |y BK |k GEO | ||